000 00934nam a22002417a 4500
001 BRCA_9329
003 FranzMayer
005 20230918120521.0
008 230823b |||||||| |||| 00| 0 eng d
020 _a0970697910
040 _aMFM
_besp
_cMFM
050 0 _aN910.T6
_bF75 2001
110 1 _4Responsable
_aFrist Center for the Visual Arts
_929145
240 _aEuropean Masterworks
_hPaintings from the Collection of the Art Gallery of Ontario
_lInglés
245 0 _aEuropean Masterworks
_bPaintings from the Collection of the Art Gallery of Ontario
260 _aTennesse, Estados Unidos
_bFrist Center for the Visual Art
_c2001
300 _a127 p
_bIlustraciones a color
_c23 cm
500 _aAnexo 1
505 _aTexto en: inglésIncluye índice temático
650 1 _2Artes visuales
_aGalerías y museos
_vGalería de arte de Ontorio
_929146
651 2 _2Artes europeas
_aPinturas europeas
_929147
942 _2lcc
_cB
999 _c10951
_d10951